000 00651cam a2200229 4500500
005 20260329002655.0
041 _afre
042 _adc
100 1 0 _aEltchaninoff, Michel
_eauthor
245 0 0 _aEurasie : à l’Est du nouveau ?
260 _c2013.
500 _a83
690 _aChine
690 _aEurasie
690 _aGéopolitique
690 _aMichel Eltchaninoff
690 _aPoutine
690 _aRussie
690 _aXi Jinping
786 0 _nPhilosophie magazine | 69 | 5 | 2013-05-01 | p. 3-3 | 1951-1787
856 4 1 _uhttps://shs.cairn.info/magazine-philosophie-magazine-2013-5-page-3?lang=fr&redirect-ssocas=7080
999 _c1817284
_d1817284